[Event "ESP-ch U18"]
[Site "Salobrena"]
[Date "2015.07.27"]
[Round "2"]
[White "Abalia Patino, Aritz"]
[Black "Gallego Sosa, Clara"]
[Result "1-0"]
[WhiteElo "1951"]
[BlackElo "1723"]
[PlyCount "109"]
[EventDate "2015.07.27"]
[EventType "swiss"]
[EventRounds "9"]
[EventCountry "ESP"]
[SourceTitle "EXT 2016"]
[Source "ChessBase"]
[SourceDate "2015.10.08"]
[SourceVersion "1"]
[SourceVersionDate "2015.10.08"]
[SourceQuality "1"]

1. e4 c5 2. Nf3 d6 3. d4 cxd4 4. Nxd4 Nf6 5. Nc3 g6 6. Bc4 Bg7 7. Bb3 Nc6 8. 0-0 0-0 9. Bg5 Bd7 10. Re1 Rc8 11. Qd2 Qa5 12. Nxc6 Bxc6 13. Nd5 Qd8 14. Nxf6+ exf6 15. Bf4 Re8 16. f3 Bf8 17. Rad1 Qb6+ 18. Qe3 Qxe3+ 19. Bxe3 a5 20. c3 b5 21. Bf4 Red8 22. Rd2 a4 23. Bd5 Bd7 24. Red1 Rb8 25. a3 Rb6 26. Be3 Rbb8 27. Ba7 Rbc8 28. Bb7 Rc4 29. Bd5 Rcc8 30. Bb6 Re8 31. Ba5 Be6 32. Bb4 h5 33. Bxe6 fxe6 34. Bxd6 Bh6 35. Rd3 Rc6 36. Bb4 Rcc8 37. Rd7 Rb8 38. Be7 Bg7 39. Ra7 Rb6 40. Rdd7 Bh8 41. Kf2 Rc8 42. Ke2 f5 43. Ke3 Be5 44. Bc5 Rbc6 45. Bd4 f4+ 46. Kd3 Bxd4 47. Kxd4 Kf8 48. Rf7+ Kg8 49. Ke5 g5 50. Rg7+ Kh8 51. Rh7+ Kg8 52. Rxh5 Rd8 53. Rxg5+ Kh8 54. Kxf4 Rcd6 55. Rxb5 1-0

[Event "San Sebastian Gros op 25th"]
[Site "San Sebastian"]
[Date "2015.07.02"]
[Round "8"]
[White "Abalia Patino, Aritz"]
[Black "Marchena Hurtado, Javier"]
[Result "0-1"]
[WhiteElo "1979"]
[BlackElo "2294"]
[PlyCount "72"]
[EventDate "2015.06.26"]
[EventType "swiss"]
[EventRounds "9"]
[EventCountry "ESP"]
[SourceTitle "CBM 167 Extra"]
[Source "ChessBase"]
[SourceDate "2015.09.14"]
[SourceVersion "1"]
[SourceVersionDate "2015.09.14"]
[SourceQuality "1"]

1. e4 c5 2. Nf3 Nc6 3. d4 cxd4 4. Nxd4 Nf6 5. Nc3 d6 6. Be2 e5 7. Nb3 Be7 8. 0-0 0-0 9. Be3 a5 10. f4 a4 11. Nd2 exf4 12. Rxf4 a3 13. b3 Qa5 14. Nb5 d5 15. e5 Ng4 16. Bxg4 Bxg4 17. Qxg4 Qxb5 18. e6 fxe6 19. Qxe6+ Kh8 20. Raf1 Qe2 21. R1f2 Qe1+ 22. Nf1 Rxf4 23. Rxf4 d4 24. Qd7 dxe3 25. Qxb7 Rf8 26. Rxf8+ Bxf8 27. Qf7 Qf2+ 28. Qxf2 exf2+ 29. Kxf2 Nb4 30. Nd2 Nxa2 31. Nb1 Nc1 32. Nxa3 Bxa3 33. Ke3 Kg8 34. Kd4 Kf7 35. Kd5 Ke7 36. Kc4 Bd6 0-1

[Event "San Sebastian Primavera de Gros op 11th"]
[Site "San Sebastian"]
[Date "2015.06.13"]
[Round "8"]
[White "Arrieta Valero, Jon"]
[Black "Abalia Patino, Aritz"]
[Result "1/2-1/2"]
[WhiteElo "1370"]
[BlackElo "1998"]
[PlyCount "111"]
[EventDate "2015.04.25"]
[EventType "swiss"]
[EventRounds "8"]
[EventCountry "ESP"]
[SourceTitle "EXT 2019"]
[Source "ChessBase"]
[SourceDate "2018.10.10"]
[SourceVersion "1"]
[SourceVersionDate "2018.10.10"]
[SourceQuality "1"]

1. e4 c5 2. Nc3 Nc6 3. Bb5 e6 4. Bxc6 bxc6 5. Nf3 d5 6. 0-0 Bd6 7. Re1 Ne7 8. d3 0-0 9. b3 f6 10. Ne2 a5 11. c4 a4 12. Ba3 axb3 13. axb3 d4 14. Bb2 Rb8 15. Qc2 Qb6 16. Ra3 e5 17. h3 Be6 18. Rea1 g5 19. Nh2 Ng6 20. Bc1 Kh8 21. g4 Nf4 22. Nxf4 gxf4 23. Bd2 h5 24. f3 Rf7 25. Ra8 Rfb7 26. Rxb8+ Rxb8 27. Ra3 Qb7 28. Be1 hxg4 29. hxg4 Kg7 30. Nf1 Rh8 31. Qg2 Kg6 32. Nd2 Ra8 33. Rxa8 Qxa8 34. Qh3 Be7 35. Kf1 Qa2 36. Ke2 Qa8 37. Qh5+ Kg7 38. Qh2 Bd8 39. Qh4 Qa2 40. Qh2 Ba5 41. Kf1 Bxd2 42. Qxd2 Qxb3 43. Ke2 Qb1 44. Qd1 Qb2+ 45. Qd2 Qb3 46. Qa5 Bxc4 47. dxc4 Qe3+ 48. Kd1 Qxf3+ 49. Kc1 Qxe4 50. Bd2 Qh1+ 51. Kc2 Qe4+ 52. Kc1 f3 53. Qc7+ Kg6 54. Qd8 Kg7 55. Qe7+ Kg8 56. Qe6+ 1/2-1/2

[Event "San Sebastian op 38th"]
[Site "San Sebastian"]
[Date "2015.03.30"]
[Round "4"]
[White "Abalia Patino, Aritz"]
[Black "Henderson de la Fuente, Andrea"]
[Result "0-1"]
[WhiteElo "2049"]
[BlackElo "1751"]
[PlyCount "170"]
[EventDate "2015.03.28"]
[EventType "swiss"]
[EventRounds "9"]
[EventCountry "ESP"]
[SourceTitle "CBM 165 Extra"]
[Source "ChessBase"]
[SourceDate "2015.04.21"]
[SourceVersion "1"]
[SourceVersionDate "2015.04.21"]
[SourceQuality "1"]

1. e4 d6 2. d4 Nf6 3. Nc3 e5 4. Nf3 Nbd7 5. Bc4 Be7 6. 0-0 0-0 7. Re1 c6 8. a4 b6 9. d5 cxd5 10. Nxd5 Nxd5 11. Bxd5 Rb8 12. b3 Bb7 13. Ba3 Nf6 14. Bxb7 Rxb7 15. Qd3 Rd7 16. c4 Re8 17. Rad1 Bf8 18. Bc1 h6 19. Bd2 a6 20. a5 Qb8 21. axb6 Qxb6 22. Ra1 Rb8 23. b4 Rc8 24. b5 axb5 25. cxb5 Rb8 26. Reb1 Qb7 27. Ra4 d5 28. Nxe5 Rd6 29. Nxf7 Qxf7 30. e5 Ne4 31. exd6 Qxf2+ 32. Kh1 Qxd2 33. Qxd2 Nxd2 34. Rd1 Nc4 35. d7 Be7 36. Rxd5 Nb6 37. Re5 Nxa4 38. Rxe7 Kf8 39. Re4 Nc5 40. Rd4 Ke7 41. Rg4 g5 42. h4 Ne6 43. hxg5 hxg5 44. Rb4 Kxd7 45. Kh2 Kd6 46. Kg3 Kc5 47. Re4 Rb6 48. Kg4 Kd5 49. Rb4 Ke5 50. Rb1 Kf6 51. Rf1+ Kg6 52. Rf5 Kg7 53. Re5 Kf6 54. Rf5+ Ke7 55. Rd5 Rb8 56. g3 Ra8 57. b6 Ra4+ 58. Kf5 Rb4 59. Ra5 Rxb6 60. Ke5 Kf7 61. Kf5 Ke7 62. Ke5 Kd7 63. Kf5 Rd6 64. Ra7+ Kc6 65. Ra6+ Kc5 66. Ra5+ Kd4 67. Ra4+ Ke3 68. g4 Rd4 69. Ra3+ Rd3 70. Ra4 Nc5 71. Ra1 Rd5+ 72. Kg6 Kf4 73. Rg1 Ne4 74. Kh5 Nf6+ 75. Kg6 Nxg4 76. Rf1+ Kg3 77. Rg1+ Kf3 78. Rh1 Nf2 79. Rh5 Kf4 80. Rh2 Rd2 81. Kh5 g4 82. Kh4 Kf3 83. Kg5 g3 84. Rh8 g2 85. Rf8+ Ke4 0-1

[Event "Benidorm op U2000 13th"]
[Site "Benidorm"]
[Date "2014.12.07"]
[Round "10"]
[White "Alnami, Salaheddin"]
[Black "Abalia Patino, Aritz"]
[Result "0-1"]
[WhiteElo "1851"]
[BlackElo "1988"]
[PlyCount "80"]
[EventDate "2014.11.28"]
[EventType "swiss"]
[EventRounds "10"]
[EventCountry "ESP"]
[SourceTitle "CBM 163 Extra"]
[Source "ChessBase"]
[SourceDate "2014.12.23"]
[SourceVersion "1"]
[SourceVersionDate "2014.12.23"]
[SourceQuality "1"]

1. e4 c5 2. Nc3 e6 3. f4 Nc6 4. Nf3 d5 5. Bb5 Nge7 6. 0-0 a6 7. Bxc6+ Nxc6 8. Qe1 Be7 9. d3 0-0 10. Qg3 b5 11. Ne2 Nb4 12. Ne1 Bh4 13. Qf3 Bxe1 14. c3 Nc2 15. Rb1 Bh4 16. Bd2 d4 17. g4 Be7 18. f5 e5 19. Ng3 Bg5 20. Rbd1 Ne3 21. Bxe3 Bxe3+ 22. Kh1 Bg5 23. Nh5 Qe7 24. cxd4 cxd4 25. Rf2 a5 26. Rdf1 Ra6 27. Rc2 Bb7 28. h4 Bxh4 29. Rh2 h6 30. Qh3 Bg5 31. Rhf2 f6 32. Rc2 Rc8 33. Rff2 Rac6 34. Qg2 Qc7 35. Rxc6 Qxc6 36. Kh2 b4 37. Qh3 Qc1 38. Qf3 Rc2 39. Rxc2 Qxc2+ 40. Kh3 Ba6 0-1

[Event "Benidorm op U2000 13th"]
[Site "Benidorm"]
[Date "2014.12.06"]
[Round "9"]
[White "Perez Garcia, Jose Miguel"]
[Black "Abalia Patino, Aritz"]
[Result "1/2-1/2"]
[WhiteElo "1919"]
[BlackElo "1988"]
[PlyCount "97"]
[EventDate "2014.11.28"]
[EventType "swiss"]
[EventRounds "10"]
[EventCountry "ESP"]
[SourceTitle "CBM 163 Extra"]
[Source "ChessBase"]
[SourceDate "2014.12.23"]
[SourceVersion "1"]
[SourceVersionDate "2014.12.23"]
[SourceQuality "1"]

1. Nf3 Nf6 2. c4 g6 3. Nc3 Bg7 4. g3 0-0 5. Bg2 d6 6. 0-0 e5 7. e4 Nbd7 8. d4 c6 9. h3 Re8 10. Be3 exd4 11. Nxd4 Nc5 12. Qc2 Qe7 13. Bg5 h6 14. Bxf6 Bxf6 15. Rad1 Ne6 16. Nxe6 Bxe6 17. b3 Bg7 18. Rfe1 Rad8 19. Qc1 Qg5 20. Qe3 Qxe3 21. Rxe3 f5 22. h4 Bxc3 23. Rxc3 fxe4 24. Bxe4 Bg4 25. Bf3 Bxf3 26. Rxf3 Kg7 27. Rd2 Rf8 28. Re3 Kf7 29. Kg2 Rfe8 30. Rf3+ Kg7 31. Rf4 Re6 32. Rfd4 Kf7 33. R4d3 Ke7 34. Rf3 Re5 35. Rf4 Re6 36. Rd3 Rf8 37. Rxf8 Kxf8 38. Kf3 Ke7 39. Rd4 Re5 40. Rd2 Ke6 41. Rd3 a5 42. Rd4 d5 43. cxd5+ Rxd5 44. Re4+ Re5 45. Rd4 Rd5 46. Re4+ Re5 47. Rd4 Rd5 48. Re4+ Re5 49. Kf4 1/2-1/2

[Event "Gipuzkoa-ch"]
[Site "Donostia"]
[Date "2014.10.25"]
[Round "4.4"]
[White "Abalia Patino, Aritz"]
[Black "Sanchez Ruesga, Hector"]
[Result "1/2-1/2"]
[WhiteElo "1876"]
[BlackElo "2093"]
[PlyCount "98"]
[EventDate "2014.10.04"]
[EventType "swiss"]
[EventRounds "7"]
[EventCountry "ESP"]
[SourceTitle "EXT 2024"]
[Source "ChessBase"]
[SourceDate "2023.10.10"]
[SourceVersion "1"]
[SourceVersionDate "2023.10.10"]
[SourceQuality "1"]

1. e4 c5 2. Nf3 e6 3. d4 cxd4 4. Nxd4 a6 5. Bd3 Bc5 6. Nb3 Be7 7. 0-0 d6 8. Be3 Nf6 9. f4 0-0 10. c4 Nbd7 11. Qf3 Qc7 12. Nc3 b6 13. Bd4 e5 14. Be3 exf4 15. Bxf4 Ne5 16. Qe2 Bg4 17. Qc2 Rac8 18. Nd2 Qc5+ 19. Kh1 Qd4 20. Bxe5 dxe5 21. Nf3 Bxf3 22. Rxf3 g6 23. Raf1 Ng4 24. Nd5 Bg5 25. Qe2 Bd8 26. h3 Nh6 27. Qf2 Qxf2 28. R1xf2 Kg7 29. b4 f5 30. g3 Rf7 31. Ne3 Bg5 32. exf5 e4 33. Bxe4 Bxe3 34. Rxe3 Re8 35. Ree2 gxf5 36. Bc6 Rd8 37. Rd2 Rff8 38. Rfe2 Kf6 39. Kg2 Nf7 40. Rd5 Rxd5 41. Bxd5 Ne5 42. a4 Rc8 43. Rc2 Nd3 44. b5 Ne1+ 45. Kf2 Nxc2 46. bxa6 Na3 47. a7 Nxc4 48. a8Q Rxa8 49. Bxa8 Ke5 1/2-1/2

[Event "Donostia Spring op 10th"]
[Site "Donostia"]
[Date "2014.05.31"]
[Round "4.4"]
[White "Hernandez Lopez, Daniel"]
[Black "Abalia Patino, Aritz"]
[Result "1-0"]
[WhiteElo "1929"]
[BlackElo "1795"]
[PlyCount "114"]
[EventDate "2014.05.10"]
[EventType "swiss"]
[EventRounds "7"]
[EventCountry "ESP"]
[SourceTitle "EXT 2024"]
[Source "ChessBase"]
[SourceDate "2023.10.10"]
[SourceVersion "1"]
[SourceVersionDate "2023.10.10"]
[SourceQuality "1"]

1. e4 c5 2. Nf3 e6 3. d4 cxd4 4. Nxd4 Nf6 5. Nc3 Nc6 6. Nxc6 bxc6 7. e5 Nd5 8. Ne4 f5 9. exf6 Nxf6 10. Nd6+ Bxd6 11. Qxd6 Qb6 12. Bd3 c5 13. Qxb6 axb6 14. c4 0-0 15. Bf4 d5 16. Bc7 Nd7 17. 0-0 Ba6 18. Rfd1 Ra7 19. Bd6 Rf6 20. cxd5 exd5 21. Bxa6 Rxd6 22. Bb5 Ne5 23. f4 Ng4 24. Re1 Nf6 25. a4 Kf8 26. Re5 d4 27. Bc4 d3 28. b3 d2 29. Rd1 Rd4 30. Re2 Rad7 31. g3 Ne4 32. Re3 Nd6 33. Ba6 Re4 34. Kf2 Rd4 35. Kf3 Re7 36. Rxe7 Kxe7 37. Ke3 Rb4 38. Kxd2 Rxb3 39. Kc2 Ra3 40. Rb1 Ra2+ 41. Rb2 Rxb2+ 42. Kxb2 Nf5 43. Bd3 g6 44. Bxf5 gxf5 45. Kc3 Kd6 46. Kc4 Kc6 47. h3 h5 48. h4 Kd6 49. Kb5 Kc7 50. Kc4 Kc6 51. Kc3 Kd5 52. Kd3 c4+ 53. Kc3 Kc5 54. Kc2 Kd4 55. Kd2 c3+ 56. Kc2 Kc4 57. g4 Kd5 1-0

[Event "Donostia Spring op 09th"]
[Site "Donostia"]
[Date "2013.05.18"]
[Round "6"]
[White "Fernandez Zubitur, Jokin"]
[Black "Abalia Patino, Aritz"]
[Result "0-1"]
[WhiteElo "1966"]
[BlackElo "1658"]
[PlyCount "47"]
[EventDate "2013.04.19"]
[EventType "swiss"]
[EventRounds "8"]
[EventCountry "ESP"]
[SourceTitle "EXT 2024"]
[Source "ChessBase"]
[SourceDate "2023.10.10"]
[SourceVersion "1"]
[SourceVersionDate "2023.10.10"]
[SourceQuality "1"]

1. d4 Nf6 2. Nc3 d6 3. e4 g6 4. f3 Bg7 5. Be3 Nbd7 6. Qd2 0-0 7. Bh6 c6 8. h4 Bxh6 9. Qxh6 Qb6 10. 0-0-0 Qa5 11. h5 Nxh5 12. g4 Nhf6 13. Nh3 Rd8 14. Bd3 Nf8 15. Nf4 e5 16. Qg5 Kg7 17. Rd2 Qc7 18. Qh6+ Kh8 19. g5 Ng8 20. Qxh7+ Nxh7 21. Rdh2 Kg7 22. Rxh7+ Kf8 23. Bc4 exf4 24. Bd3 0-1